Tilastot visalle Egyptiä lähimpänä olevat valtiot

Klikkaa tästä pelataksesi tätä visaa!

Yleistilastot

  • Tätä visaa on pelattu 817 kertaa
  • Keskiarvotulos 16 / 20

Vastaustilastot

KilometritValtioMailit% Oikein
0Libya0
95%
0Israel / Palestiina0
94%
15Saudi-Arabia9
93%
0Sudan0
92%
504Turkki314
89%
364Kreikka226
85%
202Syyria126
85%
7Jordania4
84%
352Kypros219
84%
469Irak291
82%
835Jemen519
80%
214Libanon133
80%
478Eritrea297
77%
293Tšad182
75%
1071Italia665
74%
799Etiopia496
70%
993Albania617
63%
1072Pohjois-Makedonia666
56%
1065Bulgaria662
52%
952Niger591
48%

Tulosjakauma

Persentiili vastausten määrän mukaan

Jokaisen tuloksen saaneiden osuus

Tuloshistoriasi

Et ole pelannut tätä visaa